00477nam a2200181Ia 450000500170000000800410001702000220005804100080008008200150008810000160010324500340011926000410015330000210019444000060021550000300022165000280025170000160027920251121202650.0230125s9999 xx 000 0 und d a978-81-8495-828-7 aeng a158.1bWOO aWoodard M G aSeven Rules For Joyful Living c2016bJaico Publishing HouseaMumbai a126pcPaper Back v1 aPersonality Development  aPersonality Development aWoodard M G